|
|
|
|
| LEADER |
00000nta a2200000 i 4500 |
| 001 |
dolg8532 |
| 005 |
20170518095613.0 |
| 008 |
161209suuuu hu om 000 hun d |
| 040 |
|
|
|a BGE Dolgozattár Repozitórium
|b hun
|
| 041 |
|
|
|a hu
|
| 100 |
1 |
|
|a Domonkos Dániel
|
| 245 |
1 |
0 |
|a Startupok Magyarországon
|b elakadási és kitörési pontok
|c Domonkos Dániel
|h [elektronikus dokumentum]
|
| 520 |
3 |
|
|a A szakdolgozat központi témája a hazai startup vállalkozások környezetének feltérképezése, illetve a hazai támogató rendszer vizsgálata. A kutatás fő kérdései a következők: • Milyen tényezők lehetnek a siker kulcsai egy startup esetében? • Megfelelő környezetet biztosít Magyarország a startupok számára?
|
| 695 |
|
|
|a Startupok
|
| 695 |
|
|
|a Magyarország
|
| 700 |
1 |
|
|a Fehér Dr. Katalin
|e ths
|
| 856 |
4 |
0 |
|u http://dolgozattar.uni-bge.hu/8532/1/Szakdolgozat.pdf
|z Dokumentum-elérés
|